000 00472 a2200229 4500
260 _aParis
630 _a57 - Biologie
037 _b1, Achat
650 _a5 - SCIENCES EXACTES ET NATURELLES
100 _aGabe, M.
260 _bGauthiers-Villars
245 _aNeurosécrétion
300 _a1091 p.
650 _aBiologie
260 _c1967
300 _b25cm
100 _lFr
037 _a3589
700 _aHanström, B.
999 _c41532
_d41532